00850nam a2200181Ia 4500008004100000082001500041100002100056245003800077260003800115300001000153650001400163700001900177942001200196999001500208952014900223952014800372952014800520191201s2018 xx 000 0 und d a615.32 YAT aYadav, Adhikraov 0aText Book of Phytopharmaceuticals bNirali PrakashanaNew Delhic2018 aMisc. aPathology aJadhav & Kadam 2ddccBK c8390d8390 00102ddc40708DPaPIETbPIETd2019-03-26eKirti Prakashang125.00kIN 3253l0o615.32 YATpDP721r2019-12-04 00:00:00v92.50w2019-03-18yREF 00102ddc40708DPaPIETbPIETd2019-03-26eKirti Prakashang125.00kIN 3253l0o615.32 YATpDP722r2019-12-04 00:00:00v92.50w2019-03-18yBK 00102ddc40708DPaPIETbPIETd2019-03-26eKirti Prakashang125.00kIN 3253l0o615.32 YATpDP723r2019-12-04 00:00:00v92.50w2019-03-18yBK